Movimientos comprometidos con la vida: ambientalismos y conflictos actuales en América Latina /

Guardat en:
Dades bibliogràfiques
Autor principal: Acosta, Alberto
Altres autors: Machado, Decio
Format: Text
Etiquetes: Afegir etiqueta
Sense etiquetes, Sigues el primer a etiquetar aquest registre!

MARC

LEADER 00000 a a2200000 04500
001 47262
003
040
100 |a Acosta, Alberto  
245 |a Movimientos comprometidos con la vida:   |b ambientalismos y conflictos actuales en América Latina /  |c Alberto Acosta, Decio Machado  
700 |a Machado, Decio  
773 |g volumen13, número32, (2012), páginas 67-94  
999 |c 28584  |d 28584